000 00572nam a22002177a 4500
003 IT-MiCISF
005 20201005164918.0
008 201005b ||||| |||| 00| 0 eng d
040 _cIT-MiCISF
041 _ait
100 _aGiuliodori Claudio
_958305
245 _aProtagonisti della vita sociale. I giovani alla luce della "Christus vivit"
260 _c2020
300 _app. 117-133
310 _abimestrale
362 _an. 2
500 _apastorale-giovanile, sinodo, giovani
650 _apastorale
_956215
654 _aarticolo
942 _2ddc
_cCR
999 _c358967
_d358967